000
00284nam a22001337a 4500
008
171023b xxu||||| |||| 00| 0 eng d
020
_a
9780070242685
041
_a
eng
080
_a
338
100
_a
54
101
_a
MO
245
_a
BIO-STATISTICS
_c
GLANTZ, S.A
942
_2
udc
_c
BK
999
_c
35484
_d
35484